Logo BPK

Biblioteka

Politechniki Koszalińskiej

Nákupni centra v České republice - nová forma zábavy a nákupni turistiky : (Rekord nr 53203)

Szczegóły MARC
000 -ETYKIETA REKORDU
podpole kontrolne o stałej długości 01088nam a2200265 i 4500
001 - NUMER KONTROLNY REKORDU
pole kontrolne bg
040 ## - ŹRÓDŁO KATALOGOWANIA
Instytucja, która utworzyła rekord BPK
041 0# - KOD JĘZYKA
Kod języka tekstu cze
Kod języka streszczenia lub abstraktu poleng
080 ## - UNIWERSALNA KLASYFIKACJA DZIESIĘTNA - UKD
UKD 316.728:316.334.2:330.567.2:366.1](437)"1989/..."
008 - POLE O STAŁEJ DŁUGOŚCI - DANE KONTROLNE
podpole kontrolne o stałej długości s pl f |000 0 pol
100 1# - NAZWA OSOBOWA
Nazwa osobowa SZCZYRBA, Zdeněk
245 #0 - TYTUŁ/ODPOWIEDZIALNOŚĆ
Tytuł Nákupni centra v České republice - nová forma zábavy a nákupni turistiky :
Ciąg dalszy tytułu (geneze a kontext) /
Pozostałe elementy strefy tytułu i oznaczenia odpowiedzialności Zdenék Szczyrba.
260 ## - STREFA ADRESU WYDAWNICZEGO
Miejsce wydania Opole :
Nazwa wydawcy/dystrybutora Oficyna Wydawnicza Politechniki Opolskiej,
Data publikacji, dystrybucji/powstania dokumentu 2005.
300 ## - STREFA OPISU FIZYCZNEGO
Objętość 116 s. :
Inne cechy fizyczne fot., wykr. ;
Rozmiary 24 cm.
490 1# - STREFA SERII I DOKUMENTU WIELOCZĘŚCIOWEGO - FORMA NIE DO WYSZUKIWANIA
Tytuł i oznaczenie odpowiedzialności serii Studia i Monografie / Politechnika Opolska,
ISSN 1429-6063 ;
Numeracja w obrębie serii z. 175
500 ## - UWAGI OGÓLNE
Tekst uwagi Streszcz. pol., ang.
504 ## - UWAGA DOTYCZĄCA BIBLIOGRAFII
Informacje o bibliografii Bibliogr.
650 #9 - HASŁO PRZEDMIOTOWE W FORMIE NAZWY OGÓLNEJ LUB JEDNOSTKOWEJ
Nazwa ogólna lub geograficzna Centra handlowe
Określnik ogólny socjologia
Określnik geograficzny Czechy
650 #9 - HASŁO PRZEDMIOTOWE W FORMIE NAZWY OGÓLNEJ LUB JEDNOSTKOWEJ
Nazwa ogólna lub geograficzna Konsumenci (ekon.)
Określnik ogólny socjologia
Określnik geograficzny Czechosłowacja
Określnik chronologiczny 1989/1992 r.
650 #9 - HASŁO PRZEDMIOTOWE W FORMIE NAZWY OGÓLNEJ LUB JEDNOSTKOWEJ
Nazwa ogólna lub geograficzna Konsumenci (ekon.)
Określnik ogólny socjologia
Określnik geograficzny Czechy
Określnik chronologiczny od 1993 r.
650 #9 - HASŁO PRZEDMIOTOWE W FORMIE NAZWY OGÓLNEJ LUB JEDNOSTKOWEJ
Nazwa ogólna lub geograficzna Spożycie
Określnik ogólny socjologia
Określnik geograficzny Czechosłowacja
Określnik chronologiczny 1989/1992 r.
650 #9 - HASŁO PRZEDMIOTOWE W FORMIE NAZWY OGÓLNEJ LUB JEDNOSTKOWEJ
Nazwa ogólna lub geograficzna Spożycie
Określnik ogólny socjologia
Określnik geograficzny Czechy
Określnik chronologiczny od 1993 r.
830 #0 - HASŁO DODATKOWE SERII LUB DOKUMENTU WIELOCZĘŚCIOWEGO - TYTUŁ UJEDNOLICONY
Tytuł ujednolicony Studia i Monografie (Politechnika Opolska) ;
Oznaczenie tomu z. 175
856 ## - LOKALIZACJA I DOSTĘP DO ELEKTRONICZNYCH DOKUMENTÓW ZDALNYCH
Link (URL) http://koha.tu.koszalin.pl/cgi-bin/koha/opac-detail.pl?biblionumber=53203
Tekst linku Katalog online BPK
942 ## - DODATKOWE ELEMENTY (KOHA)
Typ dokumentu Książka
Egzemplarze
Wycofany Status egzemplarza Uszkodzony Dostępność Lokalizacja stała Lokalizacja bieżąca Miejsce przechowywania Sygnatura Kod kreskowy Typ dokumentu
      Dostępny Biblioteka Politechniki Koszalińskiej Biblioteka Politechniki Koszalińskiej Wypożyczalnia BG 82867 02350738 Książka
© 2023 Biblioteka Politechniki Koszalińskiej :: KOHA